<?xml version="1.0" encoding="UTF-8"?><?xml-stylesheet type="text/xsl" href="static/style.xsl"?><OAI-PMH xmlns="http://www.openarchives.org/OAI/2.0/" xmlns:xsi="http://www.w3.org/2001/XMLSchema-instance" xsi:schemaLocation="http://www.openarchives.org/OAI/2.0/ http://www.openarchives.org/OAI/2.0/OAI-PMH.xsd"><responseDate>2026-04-17T05:36:14Z</responseDate><request verb="GetRecord" identifier="oai:www.recercat.cat:2072/390543" metadataPrefix="marc">https://recercat.cat/oai/request</request><GetRecord><record><header><identifier>oai:recercat.cat:2072/390543</identifier><datestamp>2026-04-06T22:37:33Z</datestamp><setSpec>com_2072_98</setSpec><setSpec>col_2072_378192</setSpec></header><metadata><record xmlns="http://www.loc.gov/MARC21/slim" xmlns:dcterms="http://purl.org/dc/terms/" xmlns:xsi="http://www.w3.org/2001/XMLSchema-instance" xmlns:doc="http://www.lyncode.com/xoai" xsi:schemaLocation="http://www.loc.gov/MARC21/slim http://www.loc.gov/standards/marcxml/schema/MARC21slim.xsd">
   <leader>00925njm 22002777a 4500</leader>
   <datafield ind2=" " ind1=" " tag="042">
      <subfield code="a">dc</subfield>
   </datafield>
   <datafield ind2=" " ind1=" " tag="720">
      <subfield code="a">Pita Céspedes, Gustavo</subfield>
      <subfield code="e">author</subfield>
   </datafield>
   <datafield ind2=" " ind1=" " tag="720">
      <subfield code="a">Universitat Autònoma de Barcelona. Grup de Recerca Interculturalitat a l'Asia Oriental - INTERÀSIA</subfield>
      <subfield code="e">author</subfield>
   </datafield>
   <datafield ind2=" " ind1=" " tag="260">
      <subfield code="c">2009</subfield>
   </datafield>
   <datafield ind2=" " ind1=" " tag="520">
      <subfield code="a">Partiendo del análisis de las características de la cultura guerrera que condicionan su interculturalidad, el texto expone algunos ejemplos de la misma tomados de la historia y de diferentes esferas de la cultura samurai: su temprana interacción con la cultura emishi, su interés en el arte de la renga, su influencia en la formación del teatro Nō a partir del rescate y la síntesis de diversas manifestaciones del arte popular y, finalmente, la interacción entre el Nō y el arte del Kendō a través del intercambio cultural entre los actores y los maestros de la esgrima japonesa de la escuela Yagyū.</subfield>
   </datafield>
   <datafield ind2=" " ind1=" " tag="520">
      <subfield code="a">Based on analysis of the characteristics of the warrior culture that determine its interculturality, this study presents some examples taken from the history and different spheres of the samurai culture: the early interaction between the warriors and the Emishi culture, their interest in the art of Renga, their influence on the formation of the Nō theatre through recovery and synthesis of various manifestations of popular art, and finally, the interaction between Nō and the art of Kendō, through the cultural exchange between the actors and the masters of the Yagyū school of fencing.</subfield>
   </datafield>
   <datafield tag="653" ind2=" " ind1=" ">
      <subfield code="a">Interculturalitat</subfield>
   </datafield>
   <datafield tag="653" ind2=" " ind1=" ">
      <subfield code="a">Història del Japó</subfield>
   </datafield>
   <datafield tag="653" ind2=" " ind1=" ">
      <subfield code="a">Interculturalidad</subfield>
   </datafield>
   <datafield tag="653" ind2=" " ind1=" ">
      <subfield code="a">Cultura samurai</subfield>
   </datafield>
   <datafield tag="653" ind2=" " ind1=" ">
      <subfield code="a">Historia de Japón</subfield>
   </datafield>
   <datafield tag="653" ind2=" " ind1=" ">
      <subfield code="a">Interculturality</subfield>
   </datafield>
   <datafield tag="653" ind2=" " ind1=" ">
      <subfield code="a">Samurai culture</subfield>
   </datafield>
   <datafield tag="653" ind2=" " ind1=" ">
      <subfield code="a">History of Japan</subfield>
   </datafield>
   <datafield ind2="0" ind1="0" tag="245">
      <subfield code="a">Aproximaciones al estudio de la interculturalidad en el mundo Samurai</subfield>
   </datafield>
</record></metadata></record></GetRecord></OAI-PMH>